| 000 | 00577nam a2200169 a 4500 | ||
|---|---|---|---|
| 001 | 000855398 | ||
| 003 | AM-YeHGA | ||
| 005 | 20250617145022.0 | ||
| 008 | 111220s1925 tu r 000 0 arm d | ||
| 040 | _aAM-YeHGA | ||
| 041 | 0 | _aarm | |
| 245 | 1 | 0 |
_a"Նոր դպրոց"ի աշակերտներէն պահանջուած քաղաքավարութիւնը / _cՅ.Թ. Հինդլեան. |
| 260 |
_aԿ. Պոլիս : _bտպ. Պէճիտեան եղբարց, _c1925. |
||
| 300 |
_a30 էջ ; _c20 սմ. |
||
| 650 | 1 | 4 | _aԴաստիարակության տեսություն |
| 090 | _c306453 | ||
| 999 |
_c304748 _d304748 |
||